Transportation in Japan 1982

Na minha lista:
Detalhes bibliográficos
Formato: Livro
Idioma:Undetermined
Publicado em: Japan Japan Transport Economics Research Center 1982
Assuntos:
Tags: Adicionar Tag
Sem tags, seja o primeiro a adicionar uma tag!
Thư viện lưu trữ: Trung tâm Học liệu Trường Đại học Cần Thơ
LEADER 00506nam a2200181Ia 4500
001 CTU_97457
008 210402s9999 xx 000 0 und d
082 |a 388.4 
082 |b T772 
245 0 |a Transportation in Japan 1982 
245 0 |c Japan Transport Economics Research Center 
260 |a Japan 
260 |b Japan Transport Economics Research Center 
260 |c 1982 
650 |a Transportation 
650 |z Japan 
904 |i Giang 
980 |a Trung tâm Học liệu Trường Đại học Cần Thơ